000 00502nmm a2200169Ia 4500
008 251105s9999||||xx |||||||||||||||||und||
020 _a9788499452647
041 _aspa
100 _aTragan, Pius Ramon
245 0 _aNeurociencias y espíritu :
_b ¿abiertos a una vida eterna?
264 _a[Madrid, España] :
_bEditorial Verbo Divino,
_c2012
300 _a264 páginas
490 _aTeología
650 _aReligion(s)
856 _uhttps://public.digitaliapublishing.com/a/14935
942 _cCF
999 _c92846
_d92846